Statistics for Hallowed be thy name lyrics

Click here to take the quiz!

General Stats

  • This quiz has been taken 29 times
  • The average score is 26 of 33

Answer Stats

HintAnswer% Correct
When the ___ begins to chimebell
100%
I'm waiting in my ____ cellcold
100%
Reflcting on my past ___life
100%
And it doesn't have much ____time
100%
Cause at _____ _ _____ they take me to the gallows polefive o'clock
91%
After all I'm not afraid of ____dying
82%
As the _____ march me out to the courtyardguards
82%
Running __low
82%
As the ___ comes to read me the last ritespriest
82%
The ____ __ ___ for me are running lowsands of time
82%
Catch my ___, it's willing to fly awaysoul
82%
Life down here is just a _____ _____strange illusion
82%
When you know that your ___ is close at handtime
82%
But ____ escape me when I try to speakwords
82%
Of a world that has gone very ____ for mewrong
82%
Maybe then you'll ____ to understandbegin
73%
I've gone _____ to seek the truthbeyond
73%
Is it really the end, not some ____ ____?crazy dream
73%
Somebody please tell me that I'm ______dreaming
73%
As I walk my life ____ before medrifts
73%
It's not ___ to stop from screamingeasy
73%
Can it be that there's some sort of ___?error
73%
If there's a God why has He let me __?go
73%
Somebody cries from a cell "___ __ ____ ___"God be with you
73%
Yeah, yeah, yeah... _______ __ ___ ____ x2Hallowed be Thy name
73%
Don't I believe that there ____ is an end?never
73%
____ fall but why am I crying?Tears
73%
Mark my ____ believe my soul lives onwords
73%
Don't ____ now that I have goneworry
73%
Take a look through the ___ of the last sightsbars
64%
Hard to stop the ________ terrorsurmounting
64%
And _____ the end is near I'm not sorrythough
64%
___Yeah
64%

Score Distribution

Percentile by Number Answered

Percent of People with Each Score

Your Score History

You have not taken this quiz